Die Mühen der Ebene. Demokratisierung und Modernisierung in den postkommunistischen Gesellschaften (Record no. 5561)

MARC details
000 -LEADER
fixed length control field 00664nam a22002297i 4500
001 - CONTROL NUMBER
control field 5839
003 - CONTROL NUMBER IDENTIFIER
control field OSt
005 - DATE AND TIME OF LATEST TRANSACTION
control field 20180914150756.0
007 - PHYSICAL DESCRIPTION FIXED FIELD--GENERAL INFORMATION
fixed length control field tu
008 - FIXED-LENGTH DATA ELEMENTS--GENERAL INFORMATION
fixed length control field 161220s1991 gw ||||| |||| ||| ||ger d
020 ## - INTERNATIONAL STANDARD BOOK NUMBER
International Standard Book Number 3-8015-0255-4
024 7# - OTHER STANDARD IDENTIFIER
Standard number or code 5839
Source of number or code RID
024 7# - OTHER STANDARD IDENTIFIER
Standard number or code 5839
Source of number or code RSN (alt)
040 ## - CATALOGING SOURCE
Transcribing agency OSt
041 ## - LANGUAGE CODE
Language code of text/sound track or separate title ger
100 1# - MAIN ENTRY--PERSONAL NAME
Personal name Michalski, Krzysztof
Relator term Ed.
245 00 - TITLE STATEMENT
Title Die Mühen der Ebene. Demokratisierung und Modernisierung in den postkommunistischen Gesellschaften
260 ## - PUBLICATION, DISTRIBUTION, ETC.
Place of publication, distribution, etc. Frankfurt/Main :
Name of publisher, distributor, etc. Verlag Neue Kritik,
Date of publication, distribution, etc. 1991/1992.
490 1# - SERIES STATEMENT
Series statement Transit: Europäische Revue
Volume/sequential designation 3
International Standard Serial Number 0938-2062
830 #0 - SERIES ADDED ENTRY--UNIFORM TITLE
Bibliographic record control number 5841
Title of a work Transit: Europäische Revue
Volume/sequential designation 3
942 ## - ADDED ENTRY ELEMENTS (KOHA)
Koha item type Journal
Holdings
Withdrawn status Lost status Damaged status Not for loan Home library Current library Shelving location Date acquired Inventory number Total Checkouts Barcode Date last seen Price effective from Koha item type
        WIIW WIIW Library 08/04/2004 5839   10001235 01/26/2017 01/26/2017 Periodical
The Vienna Instiute for International Economic Studies (wiiw)